Statistics for Clash Royale Multiple Answer Quiz

Click here to take the quiz!

General Stats

  • This quiz has been taken 49 times
  • The average score is 26 of 36

Answer Stats

QuestionTileSelect% Correct
Have less than 100 DPS? (Level 11)BalloonNo
93%
Have more than 1000 health? (Level 11)Night WitchNo
93%
Have more than 1000 health? (Level 11)Skeleton Barrel (barrel)No
93%
Have more than 1000 health? (Level 11)Royal DeliveryNo
90%
Have more than 1000 health? (Level 11)WizardNo
90%
Have less than 100 DPS? (Level 11)P.E.K.K.A.No
88%
Can target Air troops?Battle HealerNo
85%
ONLY target Buildings?FishermanNo
85%
Can target Air troops?Mega KnightNo
85%
Have more than 1000 health? (Level 11)Mega MinionNo
85%
ONLY target Buildings?Night WitchNo
85%
ONLY target Buildings?Cannon CartNo
83%
Have less than 100 DPS? (Level 11)Electro WizardNo
80%
ONLY target Buildings?SparkyNo
80%
Can target Air troops?CannonNo
78%
ONLY target Buildings?Goblin BarrelNo
78%
ONLY target Buildings?Hog RiderYes
78%
Can target Air troops?Minion HordeYes
76%
ONLY target Buildings?Battle RamYes
73%
Can target Air troops?TeslaYes
73%
Can target Air troops?Archer QueenYes
71%
Can target Air troops?Baby DragonYes
71%
ONLY target Buildings?Elixir GolemYes
71%
Can target Air troops?Inferno TowerYes
71%
Have less than 100 DPS? (Level 11)Royal RecruitsNo
71%
Have less than 100 DPS? (Level 11)GoblinsNo
68%
Have less than 100 DPS? (Level 11)Ice WizardYes
68%
Have less than 100 DPS? (Level 11)MinionsNo
68%
Have more than 1000 health? (Level 11)Mini P.E.K.K.A.Yes
66%
ONLY target Buildings?Goblin GiantYes
63%
Have more than 1000 health? (Level 11)Dark PrinceYes
51%
Have more than 1000 health? (Level 11)Baby DragonYes
46%
Have less than 100 DPS? (Level 11)The LogYes
44%
Have more than 1000 health? (Level 11)Ice GolemYes
41%
Have less than 100 DPS? (Level 11)ArchersYes
27%
Can target Air troops?Inferno Dragon (First Form)No
17%

Score Distribution

Percentile by Number Answered

Percent of People with Each Score

Your Score History

You have not taken this quiz